000 02835nam0a2200409 4500
001 RU\NLR\BIBL_A\022326981
005 20260420014715.0
010 _a978-5-7807-1456-9
_9300
021 _aRU
_bКН-П-24-045903
_9КН-П-24-4565
035 _a(NLR Aleph) 022326981
090 _a13665292
_c13665292
100 _a20240918d2024 k y0rusy50 ca
101 0 _arus
102 _aRU
105 _aa z 000yy
181 0 _ai3
_baxxe
182 0 _an
200 1 _aСтуденческая семья в России: барьеры и возможности благополучия
_eмонография
_fТ. К. Ростовская, Е. Н. Васильева, Е. А. Князькова [и др.]
_gотв. ред.: Т. К. Ростовская
_gФедеральный научно-исследовательский социологический центр Российской академии наук, Институт демографических исследований, Координационный центр развития кадрового потенциала в области демографии
203 _aТекст
_bвизуальный
_cнепосредственный
210 _aИваново
_cИвановский государственный университет
_d2024
215 _a469, [1] с.
_cил., табл.
_d21
300 _aВ конце кн. авт.: Ростовская Т. К., д-р социол. наук, проф., Васильева Е. Н., д-р социол. наук, доц., Князькова Е. А., канд. полит. наук [и др.]
320 _aБиблиогр.: с. 225–234 (132 назв.) и в подстроч. примеч.
606 1 _aМолодая семья
_yРоссийская Федерация
_92310905
_3RU\NLR\AUTH\661383057
606 1 _aСтуденты
_xСоциологические исследования
_yРоссийская Федерация
_92173784
_3RU\NLR\AUTH\6601543809
686 1 _aС550.53
686 1 _aС550.55
686 1 _aХ620.23
701 1 _aРостовская
_bТ. К.
_gТамара Керимовна
701 1 _7ca
_8rus
_aВасильева
_bЕ. Н.
_cд-р социол. наук
_gЕкатерина Николаевна
_956561
_3RU\NLR\AUTH\7773633
701 1 _aКнязькова
_bЕ. А.
_gЕкатерина Александровна
712 0 2 _4570
_aИнститут демографических исследований
_bКоординационный центр развития кадрового потенциала в области демографии
_cМосква
_9882564
_3RU\NLR\AUTH\880610713
942 _cBOOK
980 _aNB